[Event "ODJM B 2014"]
[Site "Magdeburg GER"]
[Date "2014.06.10"]
[Round "4"]
[White "Grothe, Pascal"]
[Black "Bardorz, Stefan"]
[Result "1-0"]
[Termination "normal"]
[Board "25"]
[WhiteElo "1236"]
[BlackElo "1047"]
[PlyCount "49"]
[BlackFideId "16245474"]
[EventCountry "GER"]
[EventRounds "9"]
[EventType "swiss"]
[EventDate "2014.06.07"]

1. e4 e5 2. Nf3 Nc6 3. Bc4 Nf6 4. d3 d6 5. Nc3 Bg4 6. h3 Bh5 7. Be3 Be7 8. Qd2
O-O 9. g4 Bg6 10. O-O-O Qd7 11. Rdg1 a6 12. Nh2 b5 13. Bd5 Nxd5 14. Nxd5 Na7
15. f4 h6 16. f5 Bh7 17. f6 gxf6 18. Bxh6 Rfe8 19. Nf3 c6 20. Nb6 Qb7 21. Nxa8
Qxa8 22. g5 fxg5 23. Nxg5 Bxg5 24. Qxg5+ Kh8 25. Qg7# 1-0

[Event "ODJM B 2014"]
[Site "Magdeburg GER"]
[Date "2014.06.10"]
[Round "4"]
[White "Pahl, Erik"]
[Black "Kostanyan, Hakob"]
[Result "1-0"]
[Termination "normal"]
[Board "26"]
[WhiteElo "1028"]
[BlackElo "1178"]
[PlyCount "75"]
[WhiteFideId "16201272"]
[BlackFideId "12977683"]
[EventCountry "GER"]
[EventRounds "9"]
[EventType "swiss"]
[EventDate "2014.06.07"]

1. e4 e5 2. Nc3 Nc6 3. f4 Nf6 4. fxe5 Nxe5 5. d4 Nc6 6. Nf3 d5 7. Bg5 Be7 8.
Bxf6 Bxf6 9. Nxd5 Bg4 10. c3 O-O 11. h3 Bh4+ 12. Kd2 Bxf3 13. Qxf3 Qg5+ 14. Qe3
Rae8 15. Qxg5 Bxg5+ 16. Kd3 f5 17. e5 Rd8 18. Nxc7 Nxe5+ 19. Kc2 Rf6 20. dxe5
Rd2+ 21. Kb3 Rb6+ 22. Ka3 Rbxb2 23. e6 Be7+ 24. Ka4 a6 25. Nxa6 bxa6 26. Bxa6
Rd8 27. Rhb1 Rdd2 28. Rxb2 Rxb2 29. Bc4 g6 30. Rd1 Kg7 31. Rd7 Kf6 32. Bd5 h6
33. g4 fxg4 34. hxg4 g5 35. Bb3 Rh2 36. Rc7 h5 37. gxh5 Rxh5 38. Rc8 1-0

[Event "ODJM B 2014"]
[Site "Magdeburg GER"]
[Date "2014.06.10"]
[Round "4"]
[White "Fromm, Marius"]
[Black "Höglauer, Jenny"]
[Result "1-0"]
[Termination "normal"]
[Board "27"]
[WhiteElo "899"]
[BlackElo "1141"]
[PlyCount "47"]
[WhiteFideId "12993190"]
[BlackFideId "12982598"]
[EventCountry "GER"]
[EventRounds "9"]
[EventType "swiss"]
[EventDate "2014.06.07"]

1. e4 c5 2. Nf3 a6 3. d4 cxd4 4. Nxd4 Nf6 5. Nc3 e5 6. Nf3 Nc6 7. Bg5 Be7 8.
Bc4 O-O 9. O-O h6 10. Bh4 d6 11. h3 Nh5 12. Bxe7 Qxe7 13. Nd5 Qd8 14. Re1 Be6
15. Re3 f5 16. exf5 Rxf5 17. g4 Rf8 18. gxh5 Kh8 19. Qf1 Qd7 20. Qg2 Bxh3 21.
Qg3 Qf5 22. Nh4 Qg4 23. Ng6+ Kg8 24. Nf6# 1-0

[Event "ODJM B 2014"]
[Site "Magdeburg GER"]
[Date "2014.06.10"]
[Round "4"]
[White "Alcer, Johanna"]
[Black "Friedrich, Laura"]
[Result "1-0"]
[Termination "normal"]
[Board "28"]
[WhiteElo "1110"]
[BlackElo "1036"]
[PlyCount "135"]
[WhiteFideId "12964450"]
[BlackFideId "12952249"]
[EventCountry "GER"]
[EventRounds "9"]
[EventType "swiss"]
[EventDate "2014.06.07"]

1. e4 e5 2. Nf3 Nc6 3. Bc4 Nf6 4. d3 d5 5. exd5 Nxd5 6. c3 Be7 7. Qb3 Be6 8.
Qxb7 Bd7 9. Bxd5 Rb8 10. Qa6 Rb6 11. Qa4 Qc8 12. Qe4 O-O 13. Nxe5 Nxe5 14. Qxe5
Be6 15. O-O Qd7 16. Bxe6 Rxe6 17. Qg3 h6 18. Bf4 Bd6 19. Bxd6 Rxd6 20. d4 Qb5
21. Nd2 Qxb2 22. Nc4 Qe2 23. Nxd6 cxd6 24. Qxd6 Qc4 25. Qc5 Qa6 26. Rfe1 Rc8
27. Qb4 Qc6 28. f3 Qa8 29. Rab1 Rf8 30. Qb7 Qd8 31. Qxa7 g5 32. a4 Kg7 33. a5
Qc8 34. Qb7 Qxc3 35. d5 Qxa5 36. d6 Qc5+ 37. Kf1 Qxd6 38. Qe4 Kg8 39. Kf2 Qxh2
40. Qe5 Qh4+ 41. Kf1 Qh1+ 42. Kf2 Qh4+ 43. Qg3 Qd4+ 44. Kf1 Qd3+ 45. Kg1 Qd4+
46. Kh2 Qg7 47. Kh3 Qg6 48. Kh2 h5 49. Rb4 Kh7 50. f4 gxf4 51. Qxg6+ fxg6 52.
Rf1 g5 53. Rb6 g4 54. g3 f3 55. Rfb1 f2 56. Kg2 h4 57. gxh4 g3 58. Rc6 f1=Q+
59. Rxf1 Rxf1 60. Kxf1 Kg7 61. Kg2 Kh7 62. Kxg3 Kg7 63. Kg4 Kh7 64. Kg5 Kg7 65.
Rc7+ Kg8 66. Kf6 Kh8 67. Kg6 Kg8 68. Rc8# 1-0

[Event "ODJM B 2014"]
[Site "Magdeburg GER"]
[Date "2014.06.10"]
[Round "4"]
[White "Meinschien, Nick"]
[Black "Müdder, Melanie"]
[Result "0-1"]
[Termination "normal"]
[Board "30"]
[WhiteElo "996"]
[BlackElo "1098"]
[PlyCount "146"]
[WhiteFideId "12989673"]
[BlackFideId "12994103"]
[EventCountry "GER"]
[EventRounds "9"]
[EventType "swiss"]
[EventDate "2014.06.07"]

1. e4 e5 2. Nf3 Nc6 3. Bc4 Nf6 4. d3 Be7 5. Nc3 d6 6. h3 O-O 7. O-O Nb4 8. a3
Nc6 9. Bg5 Nh5 10. Bxe7 Nxe7 11. Nxe5 Nf4 12. Nf3 c6 13. Qd2 Neg6 14. Ne2 Qf6
15. Rab1 b5 16. Bb3 a5 17. a4 b4 18. Ng3 Nxh3+ 19. gxh3 Qxf3 20. Qe3 Qxe3 21.
fxe3 Bxh3 22. Rf2 Rae8 23. Kh2 Be6 24. Rc1 d5 25. exd5 Bxd5 26. e4 Be6 27. Ne2
Ne5 28. Kg3 c5 29. Nf4 Nd7 30. Kf3 g5 31. Nh5 Ne5+ 32. Ke2 Bg4+ 33. Kd2 Bxh5
34. Rf5 Nf3+ 35. Ke3 Ne5 36. Rxg5+ Bg6 37. Rh1 Kg7 38. c4 f6 39. Rg3 f5 40.
exf5 Nd7+ 41. Kd2 Rxf5 42. Bd1 Kf8 43. Bg4 Rf2+ 44. Kc1 Nf6 45. Bd1 Rd8 46. Bc2
b3 47. Bb1 Re8 48. Kd1 Bh5+ 49. Kc1 Rfe2 50. Rf1 Re1+ 51. Rxe1 Rxe1+ 52. Kd2
Rxb1 53. Rg5 Rxb2+ 54. Kc3 Rf2 55. Rxc5 b2 56. Rb5 Bg6 57. Rb7 h5 58. c5 Bf5
59. c6 h4 60. c7 h3 61. Rb5 Bd7 62. Rb8+ Ne8 63. Rb7 h2 64. d4 h1=Q 65. c8=Q
Bxc8 66. Rc7 Nxc7 67. d5 Nxd5+ 68. Kd4 b1=Q 69. Ke5 Qh5+ 70. Kd4 Rf4+ 71. Kc5
Ne3+ 72. Kc6 Qhg6+ 73. Kc5 Qbf5# 0-1

[Event "ODJM B 2014"]
[Site "Magdeburg GER"]
[Date "2014.06.10"]
[Round "4"]
[White "Kalina, Joshua"]
[Black "Wernecke, Tim"]
[Result "1-0"]
[Termination "normal"]
[Board "32"]
[WhiteElo "1090"]
[BlackElo "990"]
[PlyCount "103"]
[BlackFideId "12997137"]
[EventCountry "GER"]
[EventRounds "9"]
[EventType "swiss"]
[EventDate "2014.06.07"]

1. e4 e5 2. Nf3 Nc6 3. d4 exd4 4. Nxd4 Bc5 5. Be3 Qf6 6. c3 Nge7 7. Nc2 Bb6 8.
Bxb6 axb6 9. Ne3 O-O 10. Nd2 d6 11. Bd3 Ne5 12. Bc2 Be6 13. O-O Qg6 14. Kh1 Qh6
15. Qe2 d5 16. f4 N5c6 17. f5 d4 18. Ng4 Qh4 19. fxe6 h5 20. exf7+ Rxf7 21.
Rxf7 Kxf7 22. Bb3+ Ke8 23. Nf2 Rd8 24. Nf3 d3 25. Nxd3 Qg4 26. Rf1 Ng6 27. Bf7+
Ke7 28. Bxg6 Qxg6 29. Nde5 Nxe5 30. Nxe5 Qe6 31. Qxh5 Rg8 32. Rd1 Kf6 33. Rf1+
Ke7 34. Rf7+ Kd6 35. Rd7+ Kc5 36. Rd5+ Qxd5 37. exd5 Kxd5 38. Qf7+ Kxe5 39.
Qxg8 g5 40. Qxg5+ Kd6 41. Kg1 c5 42. Kf2 b5 43. Ke3 b4 44. cxb4 cxb4 45. Kd4 b5
46. Qe5+ Kc6 47. Qe6+ Kc7 48. Qe7+ Kb6 49. Qe6+ Ka5 50. Qd7 b3 51. a3 Ka4 52.
Qa7# 1-0

[Event "ODJM B 2014"]
[Site "Magdeburg GER"]
[Date "2014.06.10"]
[Round "4"]
[White "Reyher, Bastian"]
[Black "Böse, Christina"]
[Result "0-1"]
[Termination "normal"]
[Board "34"]
[WhiteElo "1059"]
[BlackElo "1356"]
[PlyCount "92"]
[WhiteFideId "12927465"]
[BlackFideId "12929654"]
[EventCountry "GER"]
[EventRounds "9"]
[EventType "swiss"]
[EventDate "2014.06.07"]

1. e4 c6 2. d4 d5 3. Nc3 dxe4 4. Nxe4 Bf5 5. Ng3 Bg6 6. Bc4 e6 7. N1e2 Nf6 8.
Bf4 Qb6 9. O-O Be7 10. Bg5 Nbd7 11. f4 h6 12. f5 exf5 13. Nxf5 Bxf5 14. Rxf5
hxg5 15. Rxg5 g6 16. Ng3 Nd5 17. Bxd5 Bxg5 18. Qe2+ Be7 19. c3 cxd5 20. Re1 Qd6
21. c4 dxc4 22. Qxc4 Qc6 23. Qe2 Qd6 24. Ne4 Qxd4+ 25. Nf2 Qd6 26. Ne4 Qxh2+
27. Kf2 Qf4+ 28. Kg1 O-O-O 29. Qc4+ Kb8 30. g3 Qc7 31. Qxf7 Qb6+ 32. Nf2 Rdf8
33. Qf4+ Rxf4 34. gxf4 Bc5 35. Kf1 Bxf2 36. Re2 Bg3 37. Kg2 Rh2+ 38. Kf3 Rxe2
39. Kxe2 Bxf4 40. b3 Qe3+ 41. Kf1 g5 42. Kg2 Ne5 43. Kf1 g4 44. Kg2 Qf3+ 45.
Kg1 Be3+ 46. Kh2 Qh3# 0-1

[Event "ODJM B 2014"]
[Site "Magdeburg GER"]
[Date "2014.06.10"]
[Round "4"]
[White "Matuschak, Henry"]
[Black "Schott, Jan"]
[Result "1-0"]
[Termination "normal"]
[Board "35"]
[WhiteElo "1153"]
[BlackElo "855"]
[PlyCount "63"]
[EventCountry "GER"]
[EventRounds "9"]
[EventType "swiss"]
[EventDate "2014.06.07"]

1. e4 e5 2. Nf3 Nc6 3. Nc3 Bc5 4. Bb5 a6 5. Ba4 b5 6. Bb3 Nf6 7. d3 O-O 8. O-O
d6 9. Bg5 h6 10. Bh4 Bg4 11. h3 Bh5 12. Bd5 Qd7 13. Bxf6 gxf6 14. a3 Rad8 15.
b4 Bb6 16. Bxc6 Qxc6 17. Nd5 Kh8 18. Nxf6 Bg6 19. Qd2 Kg7 20. Nd5 Rh8 21. Nh4
Rdg8 22. Ne7 Qd7 23. Nxg8 Kxg8 24. Nxg6 fxg6 25. c3 Qg7 26. Rad1 c6 27. d4 exd4
28. cxd4 Bd8 29. d5 Bg5 30. f4 Bf6 31. dxc6 Bc3 32. Qxd6 1-0

[Event "ODJM B 2014"]
[Site "Magdeburg GER"]
[Date "2014.06.10"]
[Round "4"]
[White "Groskurt, Benjamin"]
[Black "Currenti, Alessandro"]
[Result "1-0"]
[Termination "normal"]
[Board "36"]
[WhiteElo "1141"]
[BlackElo "903"]
[PlyCount "37"]
[BlackFideId "12998907"]
[EventCountry "GER"]
[EventRounds "9"]
[EventType "swiss"]
[EventDate "2014.06.07"]

1. e4 e5 2. Nf3 Nc6 3. Bc4 Nf6 4. d4 exd4 5. e5 Ne4 6. Bd5 Bb4+ 7. Nbd2 Nxd2 8.
Bxd2 Bxd2+ 9. Qxd2 Nxe5 10. Nxe5 Qe7 11. O-O Qxe5 12. Rfe1 Qe7 13. Rxe7+ Kxe7
14. Re1+ Kd8 15. Qg5+ f6 16. Qxg7 Re8 17. Rxe8+ Kxe8 18. Qf7+ Kd8 19. Qf8# 1-0

[Event "ODJM B 2014"]
[Site "Magdeburg GER"]
[Date "2014.06.10"]
[Round "4"]
[White "Norf, Lasse"]
[Black "Schulze, Lukas"]
[Result "0-1"]
[Termination "normal"]
[Board "37"]
[WhiteElo "923"]
[BlackElo "1243"]
[PlyCount "88"]
[BlackFideId "12956856"]
[EventCountry "GER"]
[EventRounds "9"]
[EventType "swiss"]
[EventDate "2014.06.07"]

1. e4 d5 2. exd5 Qxd5 3. Nc3 Qa5 4. d4 Nf6 5. Nf3 Nc6 6. Bd3 Bg4 7. O-O Nxd4 8.
Be3 Nxf3+ 9. gxf3 Bh3 10. Re1 O-O-O 11. Re2 c5 12. Rd2 e6 13. Ne2 Bd6 14. Nf4
Bxf4 15. Bxf4 Nd5 16. Bg3 f5 17. Bf1 Bxf1 18. Kxf1 Ne3+ 19. fxe3 Rxd2 20. Qe1
Rhd8 21. Bf4 b6 22. c3 Qb5+ 23. Kg1 Qa4 24. b3 Qxa2 25. e4 Qxb3 26. exf5 Rd1
27. Rxd1 Rxd1 28. Qxd1 Qxd1+ 29. Kg2 exf5 30. Kg3 a5 31. Kh4 a4 32. Kg5 a3 33.
c4 a2 34. Be5 Qe1 35. Bxg7 Qe7+ 36. Bf6 Qxf6+ 37. Kxf6 a1=Q+ 38. Kxf5 Qd4 39.
f4 Kd7 40. Kg5 Ke6 41. f5+ Ke5 42. h4 Qf4+ 43. Kh5 Qxf5+ 44. Kh6 Qg6# 0-1

[Event "ODJM B 2014"]
[Site "Magdeburg GER"]
[Date "2014.06.10"]
[Round "4"]
[White "Schneider, Anna"]
[Black "Lohrmann, Linus"]
[Result "0-1"]
[Termination "normal"]
[Board "38"]
[WhiteElo "734"]
[BlackElo "978"]
[PlyCount "60"]
[WhiteFideId "16200527"]
[BlackFideId "12982857"]
[EventCountry "GER"]
[EventRounds "9"]
[EventType "swiss"]
[EventDate "2014.06.07"]

1. e4 e5 2. Nf3 Nc6 3. d4 exd4 4. Bc4 d5 5. exd5 Qe7+ 6. Qe2 Qxe2+ 7. Bxe2 Nb4
8. Nxd4 Bc5 9. c3 Nxd5 10. O-O Ngf6 11. Bg5 O-O 12. Bxf6 Nxf6 13. b4 Bxd4 14.
cxd4 Re8 15. Nc3 Nd7 16. Bb5 c6 17. Rfe1 Rxe1+ 18. Rxe1 h6 19. Bd3 Nf6 20. d5
Bd7 21. dxc6 Bxc6 22. b5 Bd7 23. Na4 b6 24. Re7 Be8 25. Be2 Rc8 26. Rxa7 Rc1+
27. Bf1 Bxb5 28. Ra8+ Kh7 29. g3 Bxf1 30. Nxb6 Bh3# 0-1